000 03135nam a22002774a 4500
003 BOLpUSFA
005 20260407144848.0
008 t bo grm 001 | spa||
040 _aBOLpUSFA
041 _aspa
044 _aBO
082 _aADM0042
_bR175dPG
100 _aRamos Huanca, Reynaldo
245 _aDiseño de un plan estratégico de marketing digital para potenciar la captación de clientes en Autotrónica Reyvin, ubicada en la ciudad de El Alto, Bolivia
260 _aEl Alto:
_bUniversidad Privada San Francisco de Asís. Carrera de Administración de Empresas,
_c2025
300 _a125 p.
502 _aModalidad: Proyecto de Grado - Tutor: Ing. Erick Moisés Marquez Alvarez
520 _aEste proyecto tiene como finalidad diseñar un plan estratégico de marketing digital para potenciar la captación de clientes en Autotrónica Reyvin, taller especializado en sistemas electrónicos automotrices ubicado en la ciudad de El Alto, Bolivia. A pesar de su calidad técnica, el taller enfrenta dificultades para posicionarse frente a la competencia debido a una presencia digital limitada y una comunicación poco activa, lo que limita su alcance y visibilidad ante un público cada vez más conectado. Este planteamiento del problema evidencia la necesidad de modernizar su estrategia comercial mediante herramientas digitales efectivas y accesibles. Para abordar esta necesidad, se aplicó un método mixto que combinó encuestas a 382 propietarios de vehículos de El Alto, análisis FODA, revisión de buenas prácticas en marketing digital y observación directa del entorno competitivo. La recolección de datos permitió identificar hábitos de consumo, preferencias digitales, canales de comunicación más utilizados y factores clave en la elección de un taller de autotrónica. Con esta información, se diseñó un plan estratégico estructurado en fases, con cronograma de seis meses, asignación de responsable, presupuesto ajustado y sistema de indicadores (KPIs) para medir resultados. Los principales resultados muestran un alto interés del público en contenido técnico, preferencia por WhatsApp como canal de contacto y una oportunidad clara para posicionar a Autotrónica Reyvin como referente confiable. Las estrategias propuestas incluyen publicaciones constantes en redes sociales, campañas educativas en TikTok e Instagram, automatización de respuestas y promociones segmentadas. Como conclusión, el plan es viable, sostenible y de bajo costo, y permitirá aumentar la visibilidad, fortalecer la confianza del cliente y mejorar la captación de nuevos usuarios mediante una estrategia digital clara, medible y alineada con la realidad de nuestro país.
650 _aAdministración de Empresas
650 _aProyecto de Grado
650 _aMarketing digital
650 _aSistemas electrónicos
650 _aSistemas automotrices
651 _aEl Alto
942 _2ddc
_cTE
_zLLO
999 _c9690
_d9690